000
00240nam a22000857a 4500
008
160926b xxu||||| |||| 00| 0 eng d
100
_9
754
_a
Bala Subramanian.P.
245
_a
Bridges activity books-5
260
_a
New Delhi
_b
Frank publications
_c
2012
999
_c
3411
_d
3411